| 000 | 00674nam a2200289Ia 4500 | ||
|---|---|---|---|
| 008 | 210210b1934 xxu||||| |||| 00| 0 eng d | ||
| 041 | _aeng | ||
| 082 | _a320/252 | ||
| 100 | _aHOGAN (Albert E) | ||
| 245 | _aGovernment of Great Britain: and the dominions and colonies Ed 8 | ||
| 250 | _a | ||
| 260 |
_aLondon _bUniversity Tutorial Press Ltd. _c1934 |
||
| 300 | _axi,306 | ||
| 650 | _athe | ||
| 650 | _aof | ||
| 650 | _aGreat | ||
| 650 | _aGovernment | ||
| 650 | _aEd | ||
| 650 | _adominions | ||
| 650 | _acolonies | ||
| 650 | _aBritain: | ||
| 650 | _aand | ||
| 650 | _a8 | ||
| 690 | _aGovernments | ||
| 700 | _aPOWELL (Isabel G) | ||
| 906 | _a002002 | ||
| 999 |
_c118058 _d118058 |
||